01944cam a22004094i 4500003000900000005001700009008004100026035001900067040003300086082002200119245009600141264005000237300003300287336002100320337002500341338002300366490002500389500006700414505042200481505015900903505024101062526000901303526000901312526000901321526000901330526000901339526000901348526000801357526000801365526000801373526000801381526000801389526000801397650002801405651006101433651004001494PE-LiUPU20250731184522.0150617s r 000 0 d a(Sirsi) a18762 aPE-LiUPUbspacPE-LiUPUerda04a985.008bB58222300aBiblioteca Peruana :bel Perú a través de los siglos /c[Editores Técnicos Asociados] 1aLima :bEditores Técnicos Asociados,c1968. a3 tomos ;c25 centímetros. atext2rdacontent aunmediated2rdamedia avolume2rdacarrier0 a(Biblioteca Peruana) a"El Perú a través de los siglos", subtítulo en cubierta.0 aTomo 1: La relación Samano-Xerez (1524) -- La crónica rimada -- Carta de Hernando Pizarro a la audencia de Santo Domingo -- La conquista del Perú, llamada la nueva Castilla -- Relación francesa de la conquista del Perú -- Verdadera relación de la conquista de la nueva Castilla -- Relación para su majestad -- Noticia del Perú -- La advertencia -- Relación del descubrimiento y conquista del Perú.0 aTomo 2: Relación del descubrimiento del reino del Perú -- Historia del descubrimiento y conquista del Perú -- Crónica de la conquista del Perú. 0 aTomo 3: El señorío de los incas -- Suma y narración de los incas -- Conquista y población del Perú -- Historia de los incas y relación de su gobierno -- Relación de Chincha -- Relación -- Relación del sitio del Cuzco.  aP136 aP135 aP134 aP133 aP144 aP143 aP87 aP35 aP20 aP14 aP10 aP0604aCronistasvColecciones.18aPerúxHistoriayDescubrimiento y Conquista, 1519-1536.18aPerúxHistoriayÉpoca Colonial.